Les pays ayant remporté des étapes sur le Tour de France - Statistiques

Statistiques générales
  • Ce quiz a été pris 303 fois
    154 depuis la dernière actualisation
  • Le résultat moyen est 30 sur 36
Statistiques - réponses
Rang Nombre d'étapes Pays % Correct
1 716 France
100%
5 132 Espagne
99%
3 259 Italie
99%
7 79 Royaume-Uni
98%
2 497 Belgique
97%
6 90 Allemagne
96%
13 20 Etats-Unis
96%
4 183 Pays-Bas
94%
16 16 Slovénie
94%
33 1 Suède
94%
28 3 Canada
93%
11 29 Danemark
93%
18 12 Portugal
93%
19 7 Russie
92%
9 60 Suisse
92%
12 22 Colombie
90%
14 19 Norvège
90%
10 39 Australie
89%
17 14 Irlande
89%
28 2 Mexique
88%
14 19 Slovaquie
88%
19 7 Pologne
87%
8 71 Luxembourg
84%
22 6 Autriche
80%
33 1 Brésil
80%
27 3 Tchéquie
79%
25 4 Ukraine
75%
27 3 Erythrée
73%
33 1 Equateur
71%
28 2 Afrique-du-Sud
68%
28 2 Lettonie
67%
25 4 Estonie
66%
33 1 Lituanie
66%
22 6 Kazakhstan
54%
22 6 URSS
44%
19 7 Ouzbékistan
31%
Aucun quiz correspondant
Distribution des résultats
% des personnes avec chaque résultat
Percentile par nombre de réponses
Votre historique - résultats
Vous n’avez pas pris ce quiz depuis la dernière actualisation